Starożytna Grecja czy Rzym? - Statystyki

Ogólne statystyki
  • Ten quiz został rozwiązany 60 razy
  • Średni wynik to 8 z 12
Statystyki odpowiedzi
Zagadnienie Odpowiedź % Poprawnych
Przykłady nazw ichniejszych bogów: Apollo, Hades, Posejdon Grecja
97%
W tym kraju walczono w zwartym szyku jeden obok drugiego zwanym falangą. Grecja
91%
Ten kraj w tamtym czasie NIE tworzył jednolitego państwa w kształcie dzisiejszej Grecji lub Rzymu. Grecja
88%
Dobierz kolejność okresów starożytnej Grecji po tzw. Wiekach ciemnych. Okres archaiczny, klasyczny, hellenistyczny
88%
A w tym kraju (od momentu wojny z Samnitami) walczono w kilku oddziałach- manipułach. Rzym
85%
W jakim polis w Grecji istniało agoge, czyli wychowanie państwowe? W Sparcie
76%
Najwyższy urząd (poza nadzwyczajnymi sytuacjami) w okresie republiki rzymskiej: Konsul
64%
Wybierz postać, za której rządów ostatecznie uformowała się demokracja ateńska. Perykles
61%
Charakter tego kraju można określić jako oligarchiczny. Rzym
61%
Nobilitas to: Patrycjusze i bogaci plebejusze
55%
Ile ludzi (ok.) liczył legion? 5000
36%
W tym kraju panował ustrój państwa-miasta. Rzym
9%
Nie znaleziono quizów pasujących do podanych kryteriów
Rozkład punktacji
Procent ludzi z każdym wynikiem
Percentyl według liczby udzielonych odpowiedzi
Twoja historia wyników
Nie rozwiązałeś tego quizu